Arquitectura vernácula en México /

Estudio sobre la arquitectura popular mexicana, cuyo autor da cuenta de su evolución histórica desde la época prehispánica y de las diferencias existentes entre las regiones del país. En contra de la visión que adjudica la improvisación como característica de este tipo de arquitectura, Francisco Jav...

Descripción completa

Guardado en:
Detalles Bibliográficos
Autor principal: López Morales, Francisco Javier (autor)
Otros autores: Híjar Serrano, Alberto (prólogo) (prólogo)
Formato: Libro
Idioma:Español
Publicado: México : Trillas, 1993, c1993
Edición:3a edición
Temas:
Etiquetas: Agrega una etiqueta
Sin etiquetas, Sé el primero en etiquetar este registro!

MARC

LEADER 00000nam^a2200000^a^4500
001 000038996
005 20250521000000.0
009 20260310085526.503
020 |a 968-24-4287-7 
037 |a Acervo ITESO - Biblioteca 
041 |a ESP 
082 |a 720. 972  |b LOP 
100 |a López Morales, Francisco Javier  |e (autor) 
245 1 0 |a Arquitectura vernácula en México /  |c F.J. López Morales ; pról. de A. Híjar Serrano. 
250 |a 3a edición 
264 4 |a México :  |b Trillas,  |c 1993, c1993 
300 |a 444 p. :  |b tapa dura 
336 |a texto  |b txt  |2 rdacontenido 
337 |a sin mediación  |b n  |2 rdamedio 
338 |a volumen  |b nc  |2 rdasoporte 
520 |a Estudio sobre la arquitectura popular mexicana, cuyo autor da cuenta de su evolución histórica desde la época prehispánica y de las diferencias existentes entre las regiones del país. En contra de la visión que adjudica la improvisación como característica de este tipo de arquitectura, Francisco Javier López Morales sostiente que es un estilo vinculado íntimamente al hábitat de regiones precisas y a tradiciones culturales específicas. 
649 |a XX 
650 |a Arquitectura Popular -  |z México -  |x Historia y Crítica -  |x Tema Principal 
650 |a Arquitectura Mexicana -  |x Historia y Crítica 
650 |a Arte Popular -  |z México -  |x Historia y Crítica 
650 |a Arte Mexicano -  |x Historia y Crítica 
700 |a Híjar Serrano, Alberto  |e (prólogo) 
910 |a Fondo General 
920 |a Impresos - Libros 
930 |a Reserva Especial 
905 |a 103 
901 |a 0389960100  |b IT1  |c REE  |i 038996  |u 20250521 
902 |a https://opac.biblio.iteso.mx/vufind/Record/000038996